[Event "Krynica zt"]
[Site "Krynica"]
[Date "1998.09.07"]
[Round "6"]
[White "Todorov, Todor"]
[Black "Balogh, Tomas"]
[Result "1-0"]
[WhiteElo "2420"]
[BlackElo "2425"]
[Annotator "Mikhalevski,V"]
[PlyCount "53"]
[EventDate "1998.09.02"]
[EventType "swiss"]
[EventRounds "9"]
[EventCountry "POL"]
[SourceTitle "CBM 067"]
[Source "ChessBase"]
[SourceDate "1998.11.30"]
[SourceVersion "2"]
[SourceVersionDate "1998.11.01"]
[SourceQuality "1"]

{[%mdl 11200]} 1. e4 e5 2. Nf3 Nf6 3. Nc3 Nc6 4. d4 exd4 5. Nxd4 Bb4 6. Nxc6
bxc6 7. Bd3 d5 8. exd5 cxd5 9. O-O O-O 10. Bg5 c6 11. Qf3 Bd6 {Not very
popular,but good line for Black.White should look for an advantage in the
unclear endgame where pair of bishops compencate damaged pawn structure.} 12.
h3 (12. Bxf6) 12... h6 (12... Rb8 $5 13. Na4 h6 14. Bxf6 Qxf6 15. Qxf6 gxf6 16.
b3 $11 {1-0 Heinemann,T-Rabiega,R/ch-GER, Gladenbach GER 1997 (72)}) 13. Bf4 (
13. Bxf6 $142 {leads to above mentioned endgame.} Qxf6 14. Qxf6 gxf6 15. Ne2
Rb8 {1/2-1/2 Maric,M-Markovic,G/Subotica 1991/TD 93\02 (15)}) (13. Bh4 Rb8 14.
b3 (14. Rab1 Rb4 15. Bg3 (15. Bxf6 $142 Qxf6 16. Qxf6 gxf6 $11) 15... Bxg3 16.
Qxg3 c5 $1 $15 {1/2-1/2 Shurygin,S-Hladik,J/Pardubice 1996/EXP 55 (36)}) 14...
Rb4 15. Bg3 (15. Bxf6 $142 Qxf6 16. Qxf6 gxf6 $11) 15... Bxg3 16. Qxg3 Nh5 $5
17. Qf3 Qg5 18. Ne2 Rh4 19. Ng3 Nf4 20. Rfe1 Bxh3 21. gxh3 Nxh3+ 22. Kg2 (22.
Kf1 Rf4) 22... g6 (22... Rf4 23. Qh5 $1) 23. Qe3 Nf4+ 24. Kg1 (24. Kf1 $4 Rh1+)
24... Nh3+ 25. Kg2 Nf4+ {1/2-1/2 Georgiev,V-Jepson,C/Hallsberg 1993/EXT 93op 
(25)}) 13... Rb8 14. b3 Rb4 15. Bd2 $2 (15. Bxd6 $142 {White should change
this strong bishop.} Qxd6 $11) (15. Ne2 $5) 15... Rh4 $1 $15 {Suddenly Black
develop the strong initiative.} 16. Rfe1 $6 {This natural move puts White on
the border of precipice.} (16. Bf5 $5 {Change of an active bishop can relieve
the defence.}) 16... Ng4 $1 {[%cal Gg4e5]} (16... Bc7 $1 {[%cal Gd8d6] and
it's not so simple to prevent Qd6.} {For example} 17. Ne2 {can be met by} Ne4
18. Bf4 (18. Bxe4 $142) 18... Bxf4 19. Nxf4 Qf6 $1 $17 20. g3 $140 Ng5 $1 {
[%cal Gg5h3]}) 17. Bf4 {loses a pawn,but I didn't manage to find a good
defence.} (17. hxg4 $4 {is refuted by} Bxg4 18. Bh7+ (18. Qe3 Bh2+ 19. Kf1 Bf4
$1 $19) 18... Kh8 19. Qd3 Rh1+ $1 20. Kxh1 Qh4+ $19) (17. Ne2 $2 Bh2+ $1 18.
Kh1 Ne5 19. Qe3 d4 20. Nxd4 Bf4 $1 $19) (17. Bf1 {[%cal Gg2g3]} Nh2 18. Qe2 Qf6
$36 {and Black is clearly better.}) (17. Qd1 $2 Bc5 $1 18. hxg4 Rh1+ $1 19.
Kxh1 Qh4+ 20. Kg1 Qxf2+ 21. Kh1 Qh4#) (17. Rad1 Bh2+ $1 18. Kh1 Bc7 $40 {
[%cal Gd8d6]}) 17... Nxf2 $1 18. Bxd6 Nxd3 19. Be7 $1 {Better than other moves
as Black will have to find two exact moves to remain with an extra pawn.} (19.
Qg3 Nxe1 20. Rxe1 Rh5 $17) (19. Bxf8 Nxe1 20. Rxe1 Kxf8 $17) 19... Nxe1 20.
Rxe1 Qb6+ 21. Kh1 Qd4 $1 {The best defence.} (21... Rd4 {is enough for
equality.} 22. Bxf8 (22. Qg3 $2 Re8) 22... Kxf8 23. Qe3 Be6 24. Na4 Qa5 $1 {
[%cal Ga5e1]} (24... Qb4 $4 25. c3) 25. Nc5 $3 Kg8 $3 (25... Qxc5 $2 26. c3 $16
) 26. c3 $1 (26. Nxe6 $4 Re4 $19) 26... Rh4 27. Qf2 $1 (27. Nxe6 $2 Re4 28. Qg3
Rxe6) (27. Qg3 $6 Rxh3+ (27... Qxc5 28. Qxh4 Qxc3 $15) 28. gxh3 Qxc5 $15) 27...
Rh5 (27... Qd8 $143 28. Nxe6 fxe6 29. Rxe6) 28. Nxe6 (28. Rxe6 fxe6 29. Nxe6 {
[%cal Gf2f8]} Qxc3 30. Qf8+ Kh7 31. Qf7 {[%cal Ge6f8]} Qe1+ 32. Kh2 Qe5+ 33.
Kh1 Rg5 $1 34. Nxg5+ Qxg5 35. Qxa7 {[%csl Gc6,Gd5] and Black is slightly
better thanks to the better pawns.}) 28... fxe6 29. b4 (29. Rxe6 Qxc3) 29...
Qa3 30. Qc5 $1 (30. Rxe6 Qxc3) 30... Rg5 31. Qxc6 Re5 $1 32. Rxe5 Qc1+ 33. Kh2
Qf4+ 34. Kh1 Qf1+ 35. Kh2 Qf4+ 36. Kg1 Qxe5 $11) (21... Rb4 $2 22. a3 $1 Rd4 (
22... Re4 23. Nxe4 dxe4 24. Rxe4 Re8 25. Bc5 Qd8 26. Bxa7 $16) 23. Bxf8 Kxf8
24. Qe3 Be6 25. Na4 $16) (21... g5 $4 22. Bxf8 Kxf8 (22... Bxh3 $142) 23. Qf6 {
[%cal Ge1e7,Gf6h8]} Qd4 24. Re5 $1 $18) 22. Qg3 $1 Rf4 $4 {Black makes the
decisive mistake in the very last moment.} (22... g5 $1 {is the only defence
which promises better play.Now Black loses by force after an unexpected reply
of White.} 23. Bxf8 Kxf8 $17 {and White can't take the c6 pawn} 24. Qd6+ Kg7
25. Qxc6 {because of} Bxh3 $1 {with unavoidable mate.}) 23. Bd6 $3 $18 {
White frees the b8-h2 diagonal for White's queen and material losses are
inevetable.} (23. Bxf8 $2 Kxf8 24. Ne2 Qf2) 23... Rh4 (23... g5 {doesn't help}
24. Ne2 Qf2 25. Bxf4) (23... Rf6 $5 24. Bxf8 Kxf8 (24... Rg6 25. Re8 $1 Bd7 26.
Rd8 Kh7 27. Qf3 Rf6 28. Qd3+ $18) 25. Qc7 $1 Kg8 26. Qxc8+ Kh7 27. Nd1 Qd2 28.
Rg1 Qxc2 29. Qa6 Qc5 {was more stubborn.}) 24. Bxf8 Kxf8 25. Qd6+ $2 {Give
some chances.} (25. Qc7 $142 $1 $18 {wins immediately.}) 25... Kg8 26. Qd8+ Kh7
27. Qxc8 {Black could check White's technics in the following variation:} (27.
Qxc8 Qxc3 28. Qf5+ g6 29. Qxf7+ Qg7 30. Re7 $1 (30. Qe8 Re4 31. Rxe4 dxe4 32.
Qxe4 $16) 30... Qxf7 31. Rxf7+ Kg8 32. Rxa7 $16) 1-0

[Event "FRA-ch"]
[Site "Narbonne"]
[Date "1997.08.19"]
[Round "5"]
[White "Lepelletier, Benoit"]
[Black "Marciano, David"]
[Result "0-1"]
[WhiteElo "2480"]
[BlackElo "2470"]
[Annotator "Mikhalevski,V"]
[PlyCount "46"]
[EventDate "1997.08.15"]
[EventType "tourn"]
[EventRounds "15"]
[EventCountry "FRA"]
[EventCategory "9"]
[SourceTitle "CBM 061"]
[Source "ChessBase"]
[SourceDate "1997.11.23"]
[SourceVersion "1"]
[SourceVersionDate "1997.11.23"]
[SourceQuality "1"]

1. e4 e5 2. Nc3 Nc6 3. Nf3 Nf6 4. g3 d5 5. exd5 Nxd5 6. Bg2 Nxc3 7. bxc3 Be7 {
Mikhalevski,V: 'Other moves are:'} (7... Bc5 8. O-O O-O 9. Re1 Re8 10. d3 Bg4
11. h3 Bh5 12. g4 Bg6 13. Ng5 Bb6 14. Rb1 Qf6 15. Qf3 Qxf3 16. Bxf3 Rad8 17.
Kg2 f6 18. Bxc6 bxc6 19. Ne4 Rb8 20. Rb3 h5 21. f3 hxg4 22. hxg4 Kf7 23. c4
Bxe4 24. Rxe4 Bc5 25. Bd2 Rb6 26. Be3 {1/2-1/2 Glek,I-Almasi,Z/Biel SKA 1996/
CBM 55}) (7... Bd6 8. O-O O-O 9. Rb1 Rb8 10. d4 Bg4 (10... exd4 11. cxd4 Ne7
12. c4 c6 13. Ng5 Bf5 14. Rb3 Qd7 15. Ne4 Bc7 16. d5 Rfd8 17. Bb2 Ng6 18. Qa1
cxd5 19. cxd5 Bxe4 20. Bxe4 Re8 21. Re3 Bb6 22. Bd4 Qd6 23. Rfe1 Rec8 24. Bxg7
Bxe3 25. Rxe3 $44 {1-0 Ye Jiangchuan-Xie Jun/3rd TCN Cup, Beijing CHN 1997 (66)
}) 11. h3 Bh5 12. g4 Bg6 13. dxe5 Bc5 14. Qe2 Qd5 15. Rb5 b6 16. Nh4 Qxe5 17.
Qxe5 Nxe5 18. Rxc5 bxc5 19. f4 Nd3 20. Nxg6 Nxc1 21. Nxf8 Ne2+ 22. Kf2 Nxf4 23.
Nd7 Rd8 {1-0 Glek,I-Berzinsh,R/Open, Biel SUI 1997}) 8. O-O O-O 9. Re1 Bf6 10.
d3 (10. Rb1 Rb8 11. d3 Bf5 (11... Be6 12. c4 (12. Ba3 $143 Re8 13. c4) 12...
Qd7 13. Bb2 Bg4 14. Qc1 Rfe8 15. Bc3 b6 16. Qb2 Nd4 17. Bxd4 exd4 18. h4 Rxe1+
19. Rxe1 Re8 20. Rxe8+ Qxe8 21. Qc1 h5 22. Qf4 c5 23. Ng5 Bxg5 24. hxg5 g6 25.
Be4 Qe7 26. f3 Bf5 27. Kf2 Bxe4 28. fxe4 Qd7 29. Qb8+ Kg7 30. Qe5+ {1/2-1/2
Glek,I-Nikolic,P/Hoogovens 1997/CBM 57}) 12. Nd2 Qd7 13. Ba3 Rfe8 14. Ne4 Be7
15. Bxe7 Qxe7 16. Nd2 Bd7 17. Nc4 Qc5 18. Qf3 b5 19. Qe3 Qxe3 20. Nxe3 Ne7 21.
d4 exd4 22. cxd4 b4 23. a3 bxa3 24. Ra1 {1/2-1/2 Spasov,V-Skembris,S/Balkaniad
Varna 1994/EXT 94}) 10... Be6 11. Ba3 Re8 12. Nd2 Rb8 13. Qc1 {'?!'
Mikhalevski,V.} (13. Rb1 $6 Bxa2 14. Rxb7 Rxb7 15. Bxc6 Bd5 $1) (13. Qh5 $5 Qd7
$1 (13... g6 14. Qf3 $1 Bg7 15. Ne4 {/\Nc5}) 14. Ne4 Be7 15. Bxe7 Qxe7 $11 16.
Ng5 $140 Bf5 17. Rab1 Bg6 {/\Qc5}) 13... Bg5 14. Bxc6 {'?!' Mikhalevski,V.} (
14. Qd1 $5) 14... bxc6 15. Rxe5 Bh3 (15... Bf6 $5 16. Rc5 Bd5) (15... Bg4 $142
$1 {/^h6-c1} 16. Re1 (16. Rxe8+ Qxe8 17. Bc5 Bf3 $1 18. h4 Bh6) 16... Qd5 $44)
16. Rxe8+ Qxe8 17. Qd1 {'[]' Mikhalevski,V.} f5 {'!' Mikhalevski,V.
Mikhalevski,V: '/\c5'} 18. Rb1 {'??' Mikhalevski,V.} (18. Nc4 $142 Bf6 19. d4
Qe4 20. f3 Qe6 21. Qd3 Re8 $44) 18... Rxb1 19. Nxb1 c5 {'-+!' Mikhalevski,V.
Mikhalevski,V: '/\Qc6'} 20. c4 Qc6 21. f3 Qe6 22. Kh1 (22. Bxc5 Be3+ 23. Bxe3
Qxe3+ 24. Kh1 Qf2) 22... Qe3 23. Nc3 Qf2 0-1

[Event "Olympiad-33"]
[Site "Elista"]
[Date "1998.10.05"]
[Round "7.1"]
[White "Rozentalis, Eduardas"]
[Black "Adams, Michael"]
[Result "0-1"]
[WhiteElo "2575"]
[BlackElo "2715"]
[Annotator "Mikhalevski,V"]
[PlyCount "60"]
[EventDate "1998.09.29"]
[EventType "team-swiss"]
[EventRounds "13"]
[EventCountry "RUS"]
[SourceTitle "CBM 068"]
[Source "ChessBase"]
[SourceDate "1999.02.01"]
[SourceVersion "1"]
[SourceVersionDate "1999.02.01"]
[SourceQuality "1"]
[WhiteTeam "Lithuania"]
[BlackTeam "England"]
[WhiteTeamCountry "LTU"]
[BlackTeamCountry "ENG"]

{[%mdl 4]} 1. e4 Nf6 2. Nc3 e5 3. Nf3 Nc6 4. d4 exd4 5. Nxd4 Bb4 6. Nxc6 bxc6
7. Bd3 d5 8. exd5 cxd5 9. Qe2+ Be7 10. O-O ({Another trend} 10. Bg5 {preparing
long castle looks more dangerous for black.} O-O 11. O-O-O c6 (11... Be6 12.
Rhe1 Rb8 (12... c6 $5) 13. Bf5 Rb6 14. Na4 Rc6 15. Bd3 $1 Nd7 16. Bd2 {1/2-1/2
Vuksanovic,S-Korneev,O/Groningen 1995/CBM 50 ext (16)}) 12. Rhe1 Be6 13. Bf5 (
13. f4 Re8 14. f5 Bd7 15. Qf3 Rb8 16. Bf4 Rb7 17. Ba6 Rb6 18. Qf1 Bxf5 $1 19.
Be3 Be6 20. Bxb6 Qxb6 $40 21. b3 Qa5 22. Na4 Ne4 23. Rxe4 dxe4 24. Bc4 Qe5 25.
Re1 Qa1+ 26. Kd2 Bg5+ {0-1 Vydeslaver,A-Kadimova,I/Groningen 1995/CBM 50 ext 
(26)}) 13... Bxf5 ({but not} 13... Ne4 $2 14. Bxh7+ (14. Bxe7 $5 Nxc3 $140 $2
15. Bxh7+ $1) 14... Kxh7 15. Qh5+ Kg8 16. Nxe4) 14. Qxe7 Qxe7 15. Rxe7 Ne4 16.
Nxe4 Bxe4 17. f3 Bf5 18. Rde1 Be6 19. Be3 Rfe8 20. Rc7 Rec8 21. Rxc8+ Rxc8 22.
Bc5 $14 {[%csl Ra7,Rc6,Rd5][%cal Ge1e3,Ge3a3,Ge3b3][%mdl 16] 1-0 Ochoa de
Echaguen,F-Medina Garcia,A/Catalunya 1996/EXT 99 (41)}) 10... O-O 11. Bg5 (11.
Re1 Re8 12. Bg5 Bg4 13. Qd2 c6 14. Na4 Qd7 (14... Rb8 $5) 15. a3 h6 16. Be3 Bf5
17. Bxf5 Qxf5 18. Qd3 $1 Qh5 19. Bc5 $1 $14 {1-0 Baklan,V-Sander,R/Berlin 1997/
CBM 59 ext (48)}) 11... h6 (11... Be6 12. Rfe1 (12. Rad1 c6 13. Na4 Re8 14. h3
h6 15. Bh4 Qa5 16. b3 Qb4 17. Bg3 Bf8 $11 {1/2-1/2 Braga,F-Zarnicki,P/La Plata
1997/CBM 62 ext (43)}) 12... c6 13. h3 Qc7 14. Qf3 Rfe8 15. Ne2 h6 16. Bh4 Ng4
$1 17. Bg3 Ne5 18. Qh5 Bd6 19. Nc1 $2 Bg4 $1 20. hxg4 Nf3+ 21. gxf3 Rxe1+ 22.
Kg2 Bxg3 $19 23. fxg3 $140 (23. Nb3 {1/2-1/2 Potkin,V-Cherkasova,E/Moscow 1997/
EXT 99 (74)}) 23... Qb6 $19 {[%cal Gb6g1,Gb6b2]}) 12. Bh4 (12. Rfe1 $5 Be6 (
12... Re8 $2 13. Bxf6) 13. Bh4 c6 14. Bg3 Re8 {1/2-1/2 Krogius,N-Sorokin,M/San
Martin 1993/CBM 37 ext (14)}) 12... Bg4 $5 $146 {provoking f2-f3 which will
weaken the a7-g1 diagonal.} (12... Rb8 13. Rfe1 Be6 14. Nb5 c5 15. c4 a6 16.
Nc3 dxc4 17. Bxc4 Bxc4 18. Qxc4 Rb4 19. Qe2 Rxh4 20. Qxe7 Qb8 $1 21. g3 Rh5 $11
{1/2-1/2 Gerbelli,E-Nogueira,I/Sao Paulo 1996/CBM 51 ext (26)}) 13. f3 $6 ({
White should refrain from 13.f3 by} 13. Qd2 $5 Rb8 14. Rfe1 $1 {[%cal Ge1e7]})
13... Be6 $15 (13... Re8 {[%cal Ge7c5]} 14. Qf2 {[%cal Gd3b5]}) 14. f4 Re8 (
14... Rb8 $5) 15. Qf3 (15. f5 $2 Bxf5 {[%cal Ge7c5]}) 15... c6 {[%cal Gd8b6]}
16. Kh1 Bg4 $1 {winning a tempo.} 17. Qg3 $8 (17. Qf2 $2 Ne4 $1 18. Nxe4 Bxh4
$17) 17... Bd7 $1 {[%cal Gf6h5] Now the advance f4-f5 will go without tempo.}
18. Qf3 $8 Bg4 {Black shows that draw is a matter of his will.} 19. Qg3 $8 Bd7
20. Qf3 $8 Rb8 {[%csl Re3,Re4] Certainly Adams doesn't go for moves repetition
as he is just better.Complex of the weak squares has to say its word in the
closest future.} 21. b3 (21. Rab1 $5) 21... Bg4 22. Qg3 $8 Bd7 {[%cal Gf6h5]}
23. Qf3 $8 Ng4 $1 {[%csl Re3][%mdl 32] The best way to make use of the weak
black squares is to change black-squared bishop.} 24. Bxe7 Qxe7 $17 {[%csl Re3]
[%cal Ge8e3,Ge7h4,Ge7f6] Black has been preparing Qf6/\Re3 or immediate Qh4.}
25. Qg3 $6 {Unfortunate move as the idea Ne3-f5 can become crucial.} (25. Nd1
$5 {[%csl Ge3][%cal Gh2h3]} Qh4 26. Qg3 (26. h3 Re7 $1 {[%cal Gb8e8]} (26... d4
$5)) 26... Qxg3 27. hxg3 c5 {[%cal Ge8e7,Gb8e8]}) 25... Ne3 $1 {[%csl Ge3]} 26.
Rfe1 d4 27. Ne4 ({We can see the consequence of 25.Qg3?!} 27. Nd1 $2 Nf5 $1)
27... Bf5 $1 28. Nf2 Qb4 $1 {[%csl Rc2,Re1,Ge3,Rg3,Rh1][%cal Ge3c2] Emphasizes
all the benefits of the position. Very strong knight on e3, unfortunate
position of all white pieces and finally the N:c2 threat decide the game.White
is helpless.} 29. a3 Qc3 $19 {Full domination!} 30. Bxf5 $2 {[%mdl 8192]
Tipical blunder in very difficult position.} Qxe1+ $1 {A little combination in
Capablanca's style.Very good strategically winning game of Michael Adams!} (
30... Qxe1+ $1 31. Rxe1 Nxf5 32. Rxe8+ Rxe8 {[%cal Re8e1,Rf5g3]}) 0-1

[Event "San Francisco Mechanics"]
[Site "San Francisco"]
[Date "1998.07.13"]
[Round "4"]
[White "Fedorowicz, John P"]
[Black "Kobese, Watu"]
[Result "0-1"]
[WhiteElo "2495"]
[BlackElo "2330"]
[Annotator "Mikhalevski,V"]
[PlyCount "106"]
[EventDate "1998.07.10"]
[EventType "tourn"]
[EventRounds "9"]
[EventCountry "USA"]
[EventCategory "10"]
[SourceTitle "CBM 066"]
[Source "ChessBase"]
[SourceDate "1998.09.30"]
[SourceVersion "1"]
[SourceVersionDate "1998.09.30"]
[SourceQuality "1"]

1. e4 e5 2. Nf3 Nc6 3. Nc3 Nf6 4. d4 exd4 5. Nxd4 Bb4 6. Nxc6 bxc6 7. Bd3 d5 8.
exd5 O-O 9. O-O cxd5 10. Bg5 c6 11. Qf3 Bd6 12. Rfe1 (12. Na4 Be6 13. h3 Re8
14. Rad1 h6 15. Bf4 Bf8 16. b3 Nd7 17. Ba6 Qe7 18. Rfe1 (18. Bb7 $140 Ne5 19.
Bxe5 Qxb7) 18... Nb6 19. Nc3 Rad8 $11 {1/2-1/2 Ekstroem,R-Anic,D/XVII Mitropa
Cup, Montecatini Terme ITA 1997 (50)}) (12. Rae1 Rb8 13. Nd1 h6 14. Bxf6 Qxf6
15. Qxf6 gxf6 16. b3 Be6 17. Ne3 Bb4 18. Re2 {1/2-1/2 Berg,E-Lejlic,S/ch-SWE,
Ronneby SWE 1998}) (12. h3 Rb8 13. Na4 h6 14. Bxf6 Qxf6 15. Qxf6 gxf6 16. b3 c5
17. Rad1 Be6 18. c4 dxc4 19. Bxc4 Bxc4 20. bxc4 Rfd8 21. Rd5 Be5 22. Nxc5 Rxd5
23. cxd5 Rb5 24. Rc1 Bd4 25. Ne4 Rxd5 26. Rd1 Kf8 27. Kf1 Ke7 28. g4 $14 {
Heinemann,T-Rabiega,R/ch-GER, Gladenbach GER 1997/1-0 (72)}) 12... Rb8 13. Rab1
(13. Na4 Rb4 (13... h6 14. Bf4 Rb4 15. Bxd6 Qxd6 16. b3 c5 17. Qe3 c4 18. Bf1
cxb3 19. axb3 Bf5 20. c4 Ng4 21. Qg3 Qxg3 22. hxg3 Bc2 23. cxd5 Bxb3 24. Nc3
Rd4 25. Rxa7 Nf6 26. Rb7 Bxd5 27. Nxd5 Rxd5 $11 {1-0 Jonker,M-Van de
Bersselaar,J/Dutch Open, Dieren NED 1998 (39)}) (13... Be6 14. c3 Re8 15. Rad1
h6 16. Bxf6 Qxf6 17. Qxf6 gxf6 18. f3 Kf8 19. b3 Red8 20. g3 c5 21. Bc2 f5 22.
f4 a5 23. a3 Be7 24. Re2 d4 25. cxd4 cxd4 26. b4 axb4 27. axb4 Rxb4 28. Red2
Ra8 29. Kg2 Bd7 {0-1 Sylvan,J-Van der Sterren,P/Open, Roskilde DEN 1998}) 14.
b3 Bg4 15. Qe3 Bh5 16. h3 h6 17. a3 d4 18. Qd2 $4 hxg5 {0-1 Marcelin,
C-Nikcevic,N/1st FSGT It, Argenteuil FRA 1997} 19. axb4 Bf4 20. Bh7+ $8 Kxh7
21. Qd3+ Bg6 $19) 13... h6 14. Bxf6 (14. Bh4 Rb4 15. Bxf6 Qxf6 16. Qxf6 gxf6
17. a3 Rb8 18. b4 Bd7 19. Na4 Rfd8 20. Nc5 Bc8 21. g3 a5 22. c3 axb4 23. axb4
Be5 24. Rec1 f5 25. f4 Bf6 26. Nb3 d4 27. Nxd4 Bxd4+ 28. cxd4 Rxd4 29. Rc3 Be6
$11 {1/2-1/2 Krishtovic,M-Rogic,D/CRO-ch 1994 (44)}) 14... Qxf6 15. Qxf6 gxf6
16. Ne2 (16. a3 a5 17. h3 Be6 18. g4 Kh8 19. Ne2 Rg8 20. Ng3 Bxg3 21. fxg3 h5
$1 $15 {1/2-1/2 Holstein,E-Christensen,J/DEN-chB 1993 (44)}) 16... c5 (16...
Re8 17. Nd4 Bd7 18. b3 Re5 19. Nf3 Rh5 20. h3 $14 {1/2-1/2 Kemna,G-Deppe,A/
NRW-II 1987 (59)}) (16... Be5 17. b3 c5 (17... Be6 18. f4 Bd6 19. Nd4 Bd7 20.
Bf5 Be8 21. g3 Bb4 22. Re3 c5 23. Nf3 Bc6 24. Re7 Rb7 25. Rxb7 Bxb7 26. Ne1 Re8
27. Nd3 Bc3 28. b4 c4 29. Nc5 Ba8 30. Na4 Bd2 31. c3 Re2 $15 {0-1 Adamski,
A-Olsen,H/Copenhagen BSF-B 1995 (42)}) 18. Ng3 Rd8 19. Nf5 Bxf5 20. Bxf5 a5 21.
Rbd1 a4 22. g3 axb3 23. axb3 Kf8 24. Kg2 c4 25. bxc4 dxc4 $11 {1/2-1/2 Lalic,
S-Garcia,N/Vienna ztW plof 1993 (54)}) 17. c3 (17. b3 Be6 18. c4 d4 19. Ng3
Bxg3 20. hxg3 a5 21. Kf1 Rfe8 22. f4 Kg7 23. Kf2 Bg4 24. Rxe8 Rxe8 25. Re1 $11
{1/2-1/2 Lalic,S-Kachiani Gersinska,K/Hastings 1994 (30)}) (17. c4 d4 18. Ng3
Bxg3 19. fxg3 Be6 20. Kf2 Rb4 21. b3 a5 22. Ke2 a4 23. Kd2 $11 {1-0 Kecic,
S-Pap,M/Bled op18th 1997 (42)}) 17... Be6 $146 (17... Re8 18. Ng3 Rxe1+ 19.
Rxe1 Be6 20. Rb1 a5 21. Kf1 d4 22. cxd4 Bxa2 23. Ra1 Rxb2 24. Ne4 c4 25. Be2
Bb4 $17 {0-1 Diepeveen,V-Erneste,I/Berliner Sommer 1993 (30)}) 18. b3 Rb6 {
[%cal Gf8b8,Ga7a5]} 19. Bc2 a5 20. h3 Kg7 21. f4 (21. g4 {[%cal Gf2f4]} h5 22.
f3 Rh8) 21... f5 22. Kf2 Rfb8 23. Kf3 h5 $5 {Black has got very comfortable
position.White doesn't have any play,but Black can strengthen his position on
the queenside.} 24. Ng3 Kg6 25. Rbd1 {[%csl Rd5][%cal Gg3f1,Gf1e3]} h4 {
Black decides to take initiative in his hands.} ({Slow play} 25... Bc7 $5 26.
Nf1 Kf6 27. Ne3 Rd8 {was possible as} 28. Bxf5 Bxf5 29. Nxd5+ Rxd5 30. Rxd5 Bd6
{is not in the White's favour.}) 26. Nf1 {[%cal Gf1e3]} d4 $1 {The point of
the previous move.} 27. cxd4 (27. g4 hxg3 28. cxd4 cxd4 29. Rxd4 (29. Kxg3 Rc8
30. Re2 Rc3+) 29... Rc8 $132) 27... Bd5+ 28. Kf2 (28. Ke2 Re8+ (28... Bxg2 $2
29. Ne3 Bxh3 30. Rh1 cxd4 31. Rdg1+) 29. Kf2 Rxe1 30. Rxe1 cxd4) 28... cxd4 29.
g4 $5 hxg3+ 30. Nxg3 Be6 31. Ne2 (31. Rg1 Kf6 32. Nh5+ Ke7) (31. Rxd4 $4 Bc5)
31... Bc5 (31... Rc8 32. Bd3 (32. Nxd4 $2 Bc5 $1 33. Re2 Rb4 $1 $19) 32... Kf6
$1) 32. Bd3 Rh8 {[%csl Rh3]} 33. Rh1 (33. Ng1 Kf6) 33... Rd6 (33... Bd5 $5 34.
Rh2 Be4 35. Ng3 $140 Rh4) 34. Rdg1+ Kf6 35. Rg5 {[%cal Ge2g3]} Rh4 $5 36. Kg3
Rh6 37. h4 Rd8 {Black is still OK as his weaknesses are not essential but pair
of bishops can play its role.} 38. Rc1 Bb4 {[%csl Rh4][%cal Gb4d2]} 39. h5 (39.
Rd1 $5) 39... Ke7 (39... Rdh8 40. Rc6 (40. Nxd4 $2 Rd8 $1 41. Nxe6 Rxd3+) (40.
Kh4 Bd2 41. Rcg1 Be3 42. R1g2 Rb8 $15) 40... Be1+ 41. Kg2 (41. Kf3) 41... Rxh5
42. Rxh5 Rxh5 43. Nxd4 Bd2 44. Kg3 Be1+ $11) 40. Rc7+ (40. Bxf5 $2 d3 41. Ng1
d2 42. Rd1 f6 $1 43. Rg7+ (43. Rg6 Bxf5 44. Rxh6 Bc2 $19) 43... Kf8 44. Rg6
Bxf5 45. Rxh6 Bc2 $1 (45... Kg7 46. Rg6+ Bxg6 47. hxg6 $17) 46. Rh8+ Ke7 47.
Rxd8 Kxd8 48. h6 Bxd1 $1 49. h7 Bc2 50. h8=Q+ Kd7 $17 51. Qg7+ $140 Be7) 40...
Kd6 41. Ra7 $6 (41. Rc1 $5) 41... Kc6 (41... Be1+ $5 42. Kg2 (42. Kf3 $4 Bd5+)
(42. Kh3 f6 $1) 42... Bh4 43. Ng3 $1 (43. Rg7 Bf6 44. Ra6+ Ke7 45. Rg3 Rxh5 46.
Rxa5 Rdh8 $40)) 42. Kf3 $6 (42. Kf2 $5) 42... Be1 $1 {[%cal Ge6d5]} 43. Ng3 $2
{After this serious mistake White is probably lost.} (43. Kg2 $5 Bh4 44. Ng3 $1
) 43... Bd5+ 44. Ke2 Bxg3 45. Rxg3 Rxh5 $40 {[%csl Re2]} 46. Rxa5 Re8+ 47. Kd1
(47. Kd2 Rh2+ {see 47.Kd1}) 47... Rh1+ 48. Kd2 Rh2+ 49. Kd1 Re3 $1 $17 50. Rxe3
(50. Ra6+ Kb7 51. Rxe3 dxe3 52. Kc1 Be4 53. Bb5 (53. Rd6 Rh1+ 54. Kb2 Bxd3 $19)
53... Rh1+ 54. Kb2 e2 55. Bxe2 Rh2 $19) 50... dxe3 {[%cal Gh2d2]} 51. Kc1 (51.
Be2 Be4 $1 {[%cal Gh2h1]} 52. Bc4 Bf3+ 53. Kc1 Rh1+ 54. Kc2 e2 $19) 51... Rh1+
52. Kc2 (52. Kb2 e2 $19) 52... Be4 $1 {[%cal Ge3e2]} 53. Kc3 $2 (53. Bxe4+ fxe4
{[%cal Ge3e2]}) (53. Ra6+ $142 $1 Kb7 54. Ra4 $1 e2 55. Rxe4 $1 fxe4 56. Bxe2
$17) 53... Rc1+ (53... Rc1+ 54. Kb2 (54. Kd4 Rd1 $19) 54... e2 $1 $19) 0-1